000 00816nam a2200265Ia 4500
003 OSt
005 20220923215210.0
006 a|||||r|||| 00| 0
007 ta
008 220922b |||||||| |||| 00| 0 hin d
024 _a176,505
037 _cTextual
040 _aARTS
_cARTS
_bhin
041 _2hin
_ahin
082 _aO152,1:gN, L5;L9
100 _aशुक्ल, ललित
245 0 _aनया काव्य नये मूल्य
246 _aNayā kāvya naye mūlya
250 _aसंस्क0 2
260 _aदिल्ली
_b मैकमिलन
_c1979
300 _a309 पृ.
_ccm.
650 _aहिन्दी साहित्य
_9156264
942 _hO152,1:gN, L5;L9
_cTEXL
_2CC
999 _c330055
_d330055